000 02236cam a22005054i 4500
003 PE-LiUPU
005 20250731173514.0
008 150623s1984 miu r 000 0 eng d
020 _a094387288X
035 _a(Sirsi) i9780943872889
040 _aPE-LiUPU
_bspa
_cPE-LiUPU
_erda
049 _aPRUA
050 _aML3921
_b.H64 1984
082 0 4 _a248.3732
_bH749s
_223
100 1 _aHolmes C., Raymond,
_eautor.
245 1 0 _aSing a new song: worship renewal for adventists today /
_cC. Raymond Holmes ; prólogo de Noval F. Pease.
264 1 _aBerrien Springs, Michigan :
_bAndrews University Press,
_c1984.
300 _a190 páginas ;
_c23 centímetros.
336 _atext
_2rdacontent
337 _aunmediated
_2rdamedia
338 _avolume
_2rdacarrier
505 0 _aAdventist worship in contemporary and biblical context -- Adventist worship in theological context -- Adventist worship illustraates adventist beliefs -- Adventist worship and the ministry of the word in mission -- Adventist worship and its meaning.
526 _aSEG42
526 _aSEG41
526 _aSEG40
526 _aSEG39
526 _aP94
526 _aP87
526 _aP86
526 _aP85
526 _aP77
526 _aP76
526 _aP35
610 0 _aIglesia Adventista del Séptimo Día
_xLiturgia.
_93026
942 _2ddc
_cBK
_n0
949 _wDEWEY
_c1
_i41389
_e2017-4-3
_f2017-2-14
_g1
_lCCODEBUL1
_mBUL
_n1
_r0
_sY
_tBOOK
_u2015-4-23
_xTEOLOGIA
_zUNKNOWN
_0COMPRA
_o.STAFF. Colección Teología
949 _wDEWEY
_c2
_i41388
_f2017-2-14
_g1
_lCCODEBUL1
_mBUL
_r0
_sY
_tBOOK
_u2015-6-16
_xTEOLOGIA
_zUNKNOWN
_0COMPRA
_o.STAFF. Colección Teología
949 _wDEWEY
_c1
_i45498
_d2016-8-3
_e2016-8-3
_f2017-2-15
_g1
_lCCODEBUL1
_mBUL
_n1
_r0
_sY
_tBOOK
_u2015-6-24
_xTEOLOGIA
_0COMPRA
_o.STAFF. Colección Teología
949 _wDEWEY
_c2
_i45497
_f2017-2-15
_g1
_lCCODEBUL1
_mBUL
_r0
_sY
_tBOOK
_u2015-6-24
_xTEOLOGIA
_0COMPRA
_o.STAFF. Colección Teología
949 _wDEWEY
_c1
_i51793-1001
_lCIA
_mBWL
_r1
_sY
_tBOOK
_u2016-8-9
_xWHITE
_zUNKNOWN
_0COMPRA
_o.STAFF. Centro White
980 _81
_gALBERTO SANCHEZ Responsable de Automatización
999 _c59156
_d59156